000 00666nam a2200205Ia 4500
003 GCL
008 140319s9999 xx 000 0 ara d
040 _aGCL /
_cGCL
082 0 4 _a658.3
_bهـ و
100 1 _aهشام الطالب
245 1 0 _aدليل التدريب القيادى /
_cهشام الطالب
260 _a[S.N] :
_bدار المستقبل للدراسات والنشر والاعلام ،
_c1998
300 _a382 ص
490 _aسلسلة التنمية البشرية
_v0
650 0 4 _aادارة الافراد
650 0 4 _aالاشراف
650 0 4 _aالقيادة الادارية
650 0 4 _aالتدريب
942 _2ddc
_cBK
999 _c3951
_d3951